Landmarks in the law /

محفوظ في:
التفاصيل البيبلوغرافية
المؤلف الرئيسي: Denning, Lord
التنسيق: كتاب
منشور في: London : Butterworths, 1982.
الموضوعات:
Law
الوسوم: إضافة وسم
لا توجد وسوم, كن أول من يضع وسما على هذه التسجيلة!

MARC

LEADER 00000cam a22000004a 4500
005 20251004083806.0
020 |a 0195674243  |c TZS 9,538.4/= 
040 |a MCCL  |b eng  |e AACR 2nd rev. ed. 
082 |a 340 DEN 
100 1 |a Denning, Lord 
245 1 0 |a Landmarks in the law /  |c Lord Denning 
260 |a London :  |b Butterworths,  |c 1982. 
300 |a xxiii, 394 p. :  |c 21 cm. 
504 |a Includes bibliographical references. 
505 0 |a [1] An in-depth discourse on jurisprudence 1 problems -- [2] an in-depth discourse on jurisprudence 2 problems. 
650 0 |a Law 
942 |c BK 
999 |c 11789  |d 11789